MARC details
| 000 -LEADER |
| fixed length control field |
01846cam a2200409 i 4500 |
| 001 - CONTROL NUMBER |
| control field |
200468171 |
| 003 - CONTROL NUMBER IDENTIFIER |
| control field |
TR-AnTOB |
| 005 - DATE AND TIME OF LATEST TRANSACTION |
| control field |
20260417110033.0 |
| 007 - PHYSICAL DESCRIPTION FIXED FIELD--GENERAL INFORMATION |
| fixed length control field |
ta |
| 008 - FIXED-LENGTH DATA ELEMENTS--GENERAL INFORMATION |
| fixed length control field |
260417t19671961nyu 000 1 eng d |
| 016 ## - NATIONAL BIBLIOGRAPHIC AGENCY CONTROL NUMBER |
| Record control number |
(AMICUS)000013141180 |
| 035 ## - SYSTEM CONTROL NUMBER |
| System control number |
(CLU)784454-ucladb-Voyager |
|
| System control number |
(OCoLC)09934901 |
|
| System control number |
(OCoLC)ocm09934901 |
|
| System control number |
(EXLNZ-01UCS_NETWORK)9912811917906531 |
|
| System control number |
(TR-AnTOB)200468171 |
| 040 ## - CATALOGING SOURCE |
| Original cataloging agency |
TXH |
| Language of cataloging |
eng |
| Description conventions |
rda |
| Transcribing agency |
TXH |
| Modifying agency |
GFK |
| -- |
OCLCQ |
| -- |
OCLCG |
| -- |
UPM |
| -- |
OCLCQ |
| -- |
NLC |
| -- |
UNH |
| -- |
OCLCQ |
| -- |
OCLCO |
| -- |
OCLCQ |
| -- |
OCLCL |
| -- |
OCLCQ |
| -- |
OCLCL |
| -- |
OCLCQ |
| -- |
LS1 |
| -- |
OCLCO |
| -- |
OCLCF |
| -- |
OCLCO |
| -- |
OCLCL |
| -- |
TR-AnTOB |
| 041 0# - LANGUAGE CODE |
| Language code of text/sound track or separate title |
İngilizce |
| 050 14 - LIBRARY OF CONGRESS CALL NUMBER |
| Classification number |
PS3552.U75 |
| Item number |
S6 1967 |
| 090 ## - LOCALLY ASSIGNED LC-TYPE CALL NUMBER (OCLC); LOCAL CALL NUMBER (RLIN) |
| Classification number (OCLC) (R) ; Classification number, CALL (RLIN) (NR) |
PS3552.U75 |
| Local cutter number (OCLC) ; Book number/undivided call number, CALL (RLIN) |
S6 1967 |
| 100 1# - MAIN ENTRY--PERSONAL NAME |
| Personal name |
Burroughs, William S., |
| Dates associated with a name |
1914-1997 |
| Relator term |
author |
| Relator code |
aut |
| Authority record control number or standard number |
http://id.loc.gov/authorities/names/n79026862 |
| 9 (RLIN) |
153757 |
| 245 14 - TITLE STATEMENT |
| Title |
The soft machine / |
| Statement of responsibility, etc. |
William S. Burroughs. |
| 250 ## - EDITION STATEMENT |
| Edition statement |
First Evergreen black cat edition. |
| 264 #1 - PRODUCTION, PUBLICATION, DISTRIBUTION, MANUFACTURE, AND COPYRIGHT NOTICE |
| Place of production, publication, distribution, manufacture |
New York : |
| Name of producer, publisher, distributor, manufacturer |
Grove Press, |
| Date of production, publication, distribution, manufacture, or copyright notice |
1967. |
|
| Date of production, publication, distribution, manufacture, or copyright notice |
©1961 |
| 300 ## - PHYSICAL DESCRIPTION |
| Extent |
182 pages ; |
| Dimensions |
18 cm |
| 336 ## - CONTENT TYPE |
| Content type term |
text |
| Content type code |
txt |
| Source |
rdacontent |
| 337 ## - MEDIA TYPE |
| Media type term |
unmediated |
| Media type code |
n |
| Source |
rdamedia |
| 338 ## - CARRIER TYPE |
| Carrier type term |
volume |
| Carrier type code |
nc |
| Source |
rdacarrier |
| 490 0# - SERIES STATEMENT |
| Series statement |
An Evergreen black cat book ; |
| Volume/sequential designation |
BC-131 |
| 500 ## - GENERAL NOTE |
| General note |
Text heavily revised and rearranged by the author from the original 1961 ed.: Olympia Press, Paris. |
| 520 ## - SUMMARY, ETC. |
| Summary, etc. |
"In The Soft Machine, William S. Burroughs, author of Naked Lunch, turns the sexy, "scientifically" controlled mass-media society inside out. With biting use of the American vernacular, Burroughs makes a devastating attack on the power structure, violence and hypocrisy in contemporary society."--Back cover. |
| 655 #7 - INDEX TERM--GENRE/FORM |
| Genre/form data or focus term |
Science fiction |
| Source of term |
lcgft |
| Authority record control number |
http://id.loc.gov/authorities/genreForms/gf2014026529 |
| 9 (RLIN) |
153063 |
| 942 ## - ADDED ENTRY ELEMENTS (KOHA) |
| Source of classification or shelving scheme |
Library of Congress Classification |
| Koha item type |
Book |